banner-ar

The art and architecture of Islamic Cairo / (Record no. 60561)

MARC details
000 -الفاتح
حقل البيانات ثابتة الطول 00855cam a22002654a 4500
005 - وقت وتاريخ اخر تعامل مع التسجيلة
رقم الضبط 20240530110416.0
008 - عناصر البيانات ثابتة الطول - معلومات عامة
حقل البيانات ثابتة الطول 060504s2006 enkab f b 001 0 eng
020 ## - الرقم الدولى المعيارى للكتب
الرقم الدولى المعيارى للكتاب 1859641547
035 ## - رقم ضبط النظام
رقم ضبط النظام (CaONFCNI)ny4501856
040 ## - مصدر الفهرسة
وكالة الفهرسة الأصلية EG-CaGPL
وكالة النسخ EG-CaGPL
041 0# - رمز اللغة
رمز لغة النص/ المسارات الصوتية أو العنوان الانفرادي eng
043 ## - رمز المنطقة الجغرافية
رمز المنطقة الجغرافية f-ua---
082 04 - رقم تصنيف ديوى العشرى
رقم الطبعة 21
رقم التصنيف 720.96216
رقم المادة CC/Y A
100 1# - المدخل الرئيسى - إسم شخصى
الإسم الشخصى Yeomans, Richard.
245 14 - بيان العنوان
العنوان The art and architecture of Islamic Cairo /
بيان المسئوليه,etc Richard Yeomans.
260 ## - PUBLICATION, DISTRIBUTION, ETC. (IMPRINT)
تاريخ النشر أو التوزيع 2006.
300 ## - الوصف المادى
التعداد vi, 274 p. :
تفاصيل ماديه اخرى للوعاء col. ill., maps ;
أبعاد الوعاء 29 cm.
504 ## - تبصرة ببليوجرافية
تبصرة ببليوجرافية,الخ Includes bibliographical references (p. 259-263) and index.
650 #0 - المدخل الاضافى بالموضوع-مصطلح موضوعى
مصطلح موضوعي Islamic architecture
التقسيم الفرعي الجغرافي Egypt
-- Cairo.
650 #0 - المدخل الاضافى بالموضوع-مصطلح موضوعى
مصطلح موضوعي Islamic art
التقسيم الفرعي الجغرافي Egypt
-- Cairo.
651 #0 - المدخل الاضافى بالموضوع - اسم جغرافى
الاسم الجغرافي Cairo (Egypt)
التقسيم الفرعي العام Buildings, structures, etc.
651 #0 - المدخل الاضافى بالموضوع - اسم جغرافى
الاسم الجغرافي Cairo (Egypt)
التقسيم الفرعي العام Civilization.
942 ## - عناصر المدخل الإضافي( كوها)
مصدر التصنيف او مخطط الترفيف Dewey Decimal Classification
Koha [default] item type كتاب
260 ## - PUBLICATION, DISTRIBUTION, ETC. (IMPRINT)
-- Reading, UK :
-- Garnet Publishing,
Holdings
حالة التراجع حالة الفقد مصدر التصنيف او خطة الترفيف حالة تلف ليس للاعارة المكان المؤقت الموقع الحالى تاريخ الاكتساب اجمالي اﻻعارات رقم الطلب الباركود تاريخ اخر مشاهدة تاريخ تفعيل السعر نوع وعاء كوها
    ddc     مكتبة القاهرة الكبرى مكتبة القاهرة الكبرى 03/04/2015   720.96216 CC/Y A 159657 03/04/2015 03/04/2015 كتاب

Powered By

EGPV